Statistics for Countries of the World in Alphabetical Order (Easy)

Click here to take the quiz!

General Stats

  • This quiz has been taken 47 times
    (21 since last reset)
  • The average score is 102 of 196

Answer Stats

Country% Correct
Afghanistan
100%
Albania
94%
Algeria
94%
Andorra
94%
Angola
94%
Armenia
94%
Azerbaijan
94%
Bahamas
94%
Australia
88%
Austria
88%
Bahrain
88%
Antigua and Barbuda
81%
Bangladesh
81%
Belarus
81%
Belgium
81%
Burkina Faso
81%
Cameroon
81%
Chile
81%
China
81%
Denmark
81%
Djibouti
81%
Barbados
75%
Bolivia
75%
Bosnia and Herzegovina
75%
Brazil
75%
Burundi
75%
Cambodia
75%
Canada
75%
Chad
75%
Argentina
69%
Bhutan
69%
Botswana
69%
Cape Verde
69%
Central African Republic
69%
Colombia
69%
Congo, Democratic Republic of
69%
Croatia
69%
Cyprus
69%
Czech Republic
69%
Dominica
69%
Dominican Republic
69%
East Timor
69%
Egypt
69%
Eritrea
69%
Estonia
69%
Ethiopia
69%
Fiji
69%
France
69%
Gambia
69%
Belize
63%
Benin
63%
Brunei
63%
Bulgaria
63%
Comoros
63%
Cuba
63%
Ecuador
63%
Honduras
63%
India
63%
Indonesia
63%
Iran
63%
Iraq
63%
Ireland
63%
Jamaica
63%
Japan
63%
Jordan
63%
Kazakhstan
63%
Kyrgyzstan
63%
Laos
63%
Latvia
63%
Congo, Republic of
56%
El Salvador
56%
Finland
56%
Gabon
56%
Germany
56%
Greece
56%
Grenada
56%
Guatemala
56%
Guinea
56%
Guinea-Bissau
56%
Guyana
56%
Haiti
56%
Iceland
56%
Israel
56%
Italy
56%
Kenya
56%
Kiribati
56%
Kuwait
56%
Equatorial Guinea
50%
Eswatini
50%
Georgia
50%
Ghana
50%
Hungary
50%
Kosovo
50%
Lebanon
50%
Lithuania
50%
Turkey
50%
Turkmenistan
50%
United Arab Emirates
50%
United Kingdom
50%
United States
50%
Uruguay
50%
Vatican City
50%
Vietnam
50%
Yemen
50%
Zambia
50%
Zimbabwe
50%
Costa Rica
44%
Lesotho
44%
Liberia
44%
Liechtenstein
44%
Luxembourg
44%
Madagascar
44%
Malawi
44%
Malaysia
44%
Maldives
44%
Mali
44%
Mauritania
44%
Mauritius
44%
Mexico
44%
Namibia
44%
North Macedonia
44%
Norway
44%
Tanzania
44%
Ukraine
44%
Vanuatu
44%
Venezuela
44%
Marshall Islands
38%
Micronesia, Federated States of
38%
Moldova
38%
Monaco
38%
Mongolia
38%
Montenegro
38%
Nepal
38%
Netherlands
38%
Nicaragua
38%
North Korea
38%
Oman
38%
Pakistan
38%
Palau
38%
Paraguay
38%
Peru
38%
Romania
38%
Russia
38%
Saint Kitts and Nevis
38%
Saint Lucia
38%
Saint Vincent and the Grenadines
38%
Samoa
38%
San Marino
38%
Senegal
38%
Serbia
38%
South Africa
38%
South Korea
38%
South Sudan
38%
Sudan
38%
Sweden
38%
Switzerland
38%
Tonga
38%
Tunisia
38%
Tuvalu
38%
Uganda
38%
Uzbekistan
38%
Ivory Coast
31%
Libya
31%
Malta
31%
Mozambique
31%
Myanmar
31%
Nauru
31%
New Zealand
31%
Niger
31%
Nigeria
31%
Panama
31%
Papua New Guinea
31%
Philippines
31%
Poland
31%
São Tomé and Príncipe
31%
Saudi Arabia
31%
Seychelles
31%
Sierra Leone
31%
Suriname
31%
Tajikistan
31%
Togo
31%
Morocco
25%
Portugal
25%
Qatar
25%
Singapore
25%
Slovakia
25%
Slovenia
25%
Solomon Islands
25%
Somalia
25%
Syria
25%
Taiwan
25%
Thailand
25%
Trinidad and Tobago
25%
Rwanda
19%
Spain
19%
Sri Lanka
13%

Score Distribution

Percentile by Number Answered

Percent of People with Each Score

Your Score History

You have not taken this quiz since the last reset